Flugziele vom Flughafen Bournemouth (BOH) - Statistiken

Allgemein
  • Dieses Quiz wurde 54 mal gespielt
  • Das Durchschnittsergebnis liegt bei 12 aus 25
Antwortstatistiken
Country Airline Destination % Korrekt
Ireland Ryanair Dublin / DUB
87%
Spain Ryanair Girona / GRO
87%
Spain Ryanair,Tui Fly Palma de Mallorca / PMI
77%
Turkey Tui Fly Antalya / AYT
74%
Greece Tui Fly Heraklion / HER
74%
Switzerland Easy Jet Genf / GVA
72%
Spain Ryanair,Tui Fly Gran Canaria / LPA
69%
Portugal Ryanair Faro / FAO
64%
Spain Ryanair Malaga / AGP
64%
Greece Tui Fly Rhodos / RHO
62%
Spain Ryanair,Tui Fly Teneriffa / TFS
59%
Spain Tui Fly Ibiza / IBZ
56%
Spain Ryanair Alicante / ALC
54%
Malta Ryanair Malta / MLA
49%
Greece Tui Fly Korfu / CFU
46%
Spain Tui Fly Menorca / MAH
46%
Spain Ryanair,Tui Fly Lanzarote / ACE
44%
Croatia Ryanair Zadar / ZAD
41%
Cyprus Tui Fly Pafos / PFO
38%
Greece Tui Fly Zakynthos / ZTH
31%
Spain Ryanair Murcia / RMU
21%
Turkey Tui Fly Dalaman / DLM
15%
Greece Tui Fly Kefalonia / EFL
8%
France Ryanair Bergerac / EGC
3%
France Ryanair Carcasonne / CCF
3%
Keine übereinstimmenden Quizze gefunden
Verteilung der Resultate
Anzahl Personen mit jedem Resultat
Perzentil nach korrekt beantworteten Fragen
Ihre Resultats-Entwicklung
Sie haben dieses Quiz noch nicht gespielt